serun
ՀԱՅ ԳԻՐՔ = Armenian Book

Չուբարյանական ընթերցումներ՝ նվիրված ականավոր գրադարանագետ Օհան Ստեփանի Չուբարյանին և գրադարանային-տեղեկատվական ու մատենագիտական զարգացման ժամանակակից հարցերին ։ (Record no. 165818)

000 -LEADER
fixed length control field nam a22 a 4500
003 - CONTROL NUMBER IDENTIFIER
control field AM-YeNLA
005 - DATE AND TIME OF LATEST TRANSACTION
control field 20260212114355.0
007 - PHYSICAL DESCRIPTION FIXED FIELD--GENERAL INFORMATION
fixed length control field ta
008 - FIXED-LENGTH DATA ELEMENTS--GENERAL INFORMATION
fixed length control field 260212s2025 ai o|||gr|||||000|0|arm||
020 ## - INTERNATIONAL STANDARD BOOK NUMBER
International Standard Book Number 978-9939-0-5165-9
040 ## - CATALOGING SOURCE
Language of cataloging arm
Transcribing agency AM-YeNLA
041 0# - LANGUAGE CODE
Language code of text/sound track or separate title arm
245 00 - TITLE STATEMENT
Title Չուբարյանական ընթերցումներ՝ նվիրված ականավոր գրադարանագետ Օհան Ստեփանի Չուբարյանին և գրադարանային-տեղեկատվական ու մատենագիտական զարգացման ժամանակակից հարցերին ։
Remainder of title 2024 թ․ հոկտեմբերի 18 ։ Գիտաժողովի զեկուցումների ժողովածու /
Statement of responsibility, etc. Կազմող և առաջաբանի հեղինակ՝ Գ.Ս. Սուքիասյան ; Խ. Աբովյանի անվան հայկական պետական մանկավարժական համալսարան, Կուլտուրայի ֆակուլտետի թանգարանագիտության, գրադարանագիտության և մատենագիտության ամբիոն.
260 ## - PUBLICATION, DISTRIBUTION, ETC. (IMPRINT)
Place of publication, distribution, etc. Երևան :
Name of publisher, distributor, etc. Հեղինակային հրատարակություն,
Date of publication, distribution, etc. 2025․
300 ## - PHYSICAL DESCRIPTION
Extent 83 էջ ։
Other physical details լուսանկարներ ;
Dimensions 20 սմ․
504 ## - BIBLIOGRAPHY, ETC. NOTE
Bibliography, etc Տողատակում՝ մատենագիտական ծանոթագրություններ։
504 ## - BIBLIOGRAPHY, ETC. NOTE
Bibliography, etc Օգտագործված գրականության ցանկ՝ էջ 77-78։
546 ## - LANGUAGE NOTE
Language note Ամփոփումը՝ անգլերեն և ռուսերեն։
600 14 - SUBJECT ADDED ENTRY--PERSONAL NAME
Personal name Չուբարյան, Օհան Ստեփանի
Dates associated with a name 1908-1976
Form subdivision Կենսագրություն
General subdivision Գիտաժողով ՝նվիրված ականավոր գրականագետին
650 14 - SUBJECT ADDED ENTRY--TOPICAL TERM
Topical term or geographic name as entry element Հայ անվանի գրադարանագետներ
650 14 - SUBJECT ADDED ENTRY--TOPICAL TERM
Topical term or geographic name as entry element Գրադարանային մատենագիտական գործ
General subdivision Հոդվածների ժողովածու
Geographic subdivision Հայաստանի Հանրապետություն
700 1# - ADDED ENTRY--PERSONAL NAME
Personal name Սուքիասյան, Գ.Ա.
Relator term կազմող
Relator code com
Relator term առաջաբանի հեղինակ
Relator code aui
710 ## - ADDED ENTRY--CORPORATE NAME
Corporate name or jurisdiction name as entry element Խաչատուր Աբովյանի անվան հայկական պետական մանկավարժական համալսարան :
Subordinate unit Կուլտուրայի ֆակուլտետի թանգարանագիտության, գրադարանագիտության և մատենագիտության ամբիոն
9 (RLIN) 13
711 2# - ADDED ENTRY--MEETING NAME
Meeting name or jurisdiction name as entry element Չուբարյանական ընթերցումներ՝ նվիրված ականավոր գրադարանագետ Օհան Ստեփանի Չուբարյանին և գրադարանային-տեղեկատվական ու մատենագիտական զարգացման ժամանակակից հարցերին: Գիտաժողովի զեկուցումների ժողովածու :
Location of meeting (Երևան ;
Date of meeting 2024 թ․ հոկտեմբերի 18 թ.)
942 ## - ADDED ENTRY ELEMENTS (KOHA)
Source of classification or shelving scheme
Koha item type Books
Holdings
Withdrawn status Lost status Source of classification or shelving scheme Damaged status Not for loan Permanent Location Current Location Date acquired Inventory number Date last seen Price effective from Koha item type
          National Library of Armenia National Library of Armenia 2026-02-12 ՀԱԳ 2026-02-12 2026-02-12 Books

Հայաստանի ազգային գրադարան ՀՀ, 0009,Երևան, Տերյան 72
Հետադարձ կապ